| 000 | 01492cam a22004094i 4500 | ||
|---|---|---|---|
| 003 | PE-LiUPU | ||
| 005 | 20250731173146.0 | ||
| 008 | 150623s r 000 0 d | ||
| 035 | _a(Sirsi) a28051 | ||
| 040 |
_aPE-LiUPU _bspa _cPE-LiUPU _erda |
||
| 082 | 0 | 4 |
_a232.9 _bK57 _221 |
| 100 | 1 |
_aKis, Miroslav Mirko, _d1942-, _eautor. |
|
| 245 | 1 | 0 |
_aFollow me : _bhow to walk with Jesus every day / _cMiroslav Mirko Kis. |
| 264 | 1 |
_aHagerstown, MD : _bReview and Herald Publishing Association, _c2001. |
|
| 300 |
_a144 páginas ; _c23 cm. |
||
| 336 |
_atext _2rdacontent |
||
| 337 |
_aunmediated _2rdamedia |
||
| 338 |
_avolume _2rdacarrier |
||
| 505 | 0 | _aThe call. The manger. The river. The wildernss. The teacher. The catch. The vip. The outcast. The storm. The kiss. The misplaced cross. The victory. | |
| 526 | _aSEG42 | ||
| 526 | _aSEG41 | ||
| 526 | _aSEG40 | ||
| 526 | _aSEG39 | ||
| 526 | _aP94 | ||
| 526 | _aP87 | ||
| 526 | _aP86 | ||
| 526 | _aP85 | ||
| 526 | _aP77 | ||
| 526 | _aP76 | ||
| 526 | _aP35 | ||
| 650 | 0 | 4 |
_aJesucristo _xEnseñanza. |
| 942 |
_2ddc _cBOOK |
||
| 949 |
_a232.9 K57 _wDEWEY _c1 _i53296 _lCCODEBUL1 _mBUL _p11.99 _r0 _sY _tBOOK _u2015-06-24 _xTEOLOGIA _PP35 _0COMPRA _o.STAFF. Colección General |
||
| 596 | _a1 | ||
| 999 |
_a232.9 K57 _wDEWEY _c35257 _i53296 _f2021-11-9 _g5 _lCCODEBUL1 _mBUL _p11.99 _r0 _sY _tBOOK _u2015-6-24 _xTEOLOGIA _PP35 _0COMPRA _o.STAFF. Colección General _d35257 |
||
| 980 |
_81 _gALBERTO SANCHEZ Responsable de Automatización |
||